Miasta Polski po graniczących z nimi miejscowościami - Statystyki

Ogólne statystyki
  • Ten quiz został rozwiązany 19 razy
  • Średni wynik to 8 z 20
Statystyki odpowiedzi
Hint Odpowiedź % Poprawnych
Police Szczecin
100%
Lisi Ogon Bydgoszcz
71%
Zielonki Kraków
65%
Mokronos Dolny Wrocław
65%
Kępa Opole
53%
Bielicha Radom
47%
Czerteż Sanok
47%
Wrzosowa Częstochowa
41%
Ługi Ujskie Piła
41%
Szewna Ostrowiec Świętokrzyski
35%
Sobolewo Suwałki
35%
Brzozówka Tarnów
35%
Ligota Łabędzka Gliwice
29%
Skwierzynka Koszalin
29%
Imielin Mysłowice
29%
Uszczyn Piotrków Trybunalski
29%
Bolesławice Słupsk
29%
Dalki Gniezno
18%
Domiechowice Bełchatów
12%
Jaszkówka Kłodzko
12%
Nie znaleziono quizów pasujących do podanych kryteriów
Rozkład punktacji
Procent ludzi z każdym wynikiem
Percentyl według liczby udzielonych odpowiedzi
Twoja historia wyników
Nie rozwiązałeś tego quizu